中国天主教本地化神学论集 (Record no. 31323)
[ view plain ]
| 000 -LEADER | |
|---|---|
| fixed length control field | 00645nam a2200193Ia 4500 |
| 008 - FIXED-LENGTH DATA ELEMENTS--GENERAL INFORMATION | |
| fixed length control field | 201124s9999||||xx |||||||||||||| ||und|| |
| 020 ## - INTERNATIONAL STANDARD BOOK NUMBER | |
| International Standard Book Number | 7518801477 |
| 020 ## - INTERNATIONAL STANDARD BOOK NUMBER | |
| International Standard Book Number | 9787518801473 |
| 041 ## - LANGUAGE CODE | |
| Language code of text/sound track or separate title | chi |
| 050 ## - LIBRARY OF CONGRESS CALL NUMBER | |
| Classification number | BX1665 |
| Item number | .Z465 2016 |
| 245 #0 - TITLE STATEMENT | |
| Title | 中国天主教本地化神学论集 |
| Remainder of title | / |
| Statement of responsibility, etc. | 中国天主教【一会一团】研究室编 |
| 246 ## - VARYING FORM OF TITLE | |
| Title proper/short title | 中國天主教本地化神學論集 |
| 260 ## - PUBLICATION, DISTRIBUTION, ETC. | |
| Place of publication, distribution, etc. | 北京: |
| Name of publisher, distributor, etc. | 宗教文化出版社, |
| Date of publication, distribution, etc. | 2016 |
| 300 ## - PHYSICAL DESCRIPTION | |
| Extent | 3, 3, 14, 6, 421 p. |
| Other physical details | ; |
| Dimensions | 24 cm. |
| 490 ## - SERIES STATEMENT | |
| Series statement | 基督教中国化研究丛书 |
| 650 ## - SUBJECT ADDED ENTRY--TOPICAL TERM | |
| Topical term or geographic name entry element | Catholic Church--China. |
| 710 ## - ADDED ENTRY--CORPORATE NAME | |
| Corporate name or jurisdiction name as entry element | 中国天主教【一会一团】研究室 |
| Withdrawn status | Lost status | Damaged status | Not for loan | Home library | Current library | Shelving location | Date acquired | Total Checkouts | Full call number | Barcode | Date last seen | Price effective from | Koha item type |
|---|---|---|---|---|---|---|---|---|---|---|---|---|---|
| GETS Theological Seminary Library | GETS Theological Seminary Library | General Stacks | 11/24/2020 | BX1665 .Z465 2016 | 00018910 | 11/24/2020 | 11/24/2020 | Chinese Book |